000 00722nam a2200217 i 4500
003 DO-SdBNP
005 20241014143928.0
007 ta
008 241014b1999 dr c|||| |||| 00| 0 spa d
040 _aDO-SdBNP
_bspa
_cBNPHU
_erda
082 4 _222
245 0 0 _aPrograma de la celebración del XXV aniversario de la fundación de la academia de ciencias de República Dominicana
264 4 _aSanto Domingo :
_bEditor Academia de Ciencias de República Dominicana,
_c1999.
300 _a8 páginas :
_bretratos ;
_c25 cm.
336 _atexto
_btxt
_2rdacontent
337 _asin mediación
_bn
_2rdamedia
338 _avolumen
_bnc
_2rdacarrier
590 _aInventariado, 2024/BT
910 _aBtavárez
942 _2ddc
_cLF2
999 _c57846
_d57846